Manual olahraga

Bibliographic Details
Main Author: Tan, Helen (Author)
Format: Book
Published: Selangor : Junjuara Publications , c1996
Subjects:

MARC

LEADER 00000cam a2200000 7i4500
001 0000022016
005 20120617093000.0
020 |a 9830260461 
090 0 0 |a GV1060.5   |b .H474 1996 f 
100 0 |a Tan, Helen ,   |e author 
245 0 0 |a Manual olahraga   |c Helen Ten 
260 |a Selangor :   |b Junjuara Publications ,   |c c1996 
300 |a 187 ms. ; ;   |c 31 sm. 
650 0 |a Athletics 
999 |a 1000024932   |b Book   |c Close Access   |e Gong Badak Campus